000 00998nas a2200277 4500
001 BR8200334
003 BR-BrBNA
005 20231205084953.0
007 ta
008 230509b bl.|||p| |||| 00| 00por d
040 _aBR-BrBNA
_bpor
_cBiblioteca Nacional de Agricultura
041 _a(Pt)
072 _aQ10
100 1 _aCastelo, F.P.
111 1 _a2. Congresso Brasileiro de Ciencia e Tecnologia de Alimentos
_cJoao Pessoa, PB (Brazil)
_d19 Jul 1978
245 1 _aCaracteristicas da gordura cavitaria da pirapitinga, Colossoma bidens, e do pacu-caranha, Colossoma mitrei
246 1 _a[Cavity fat composition of fresh-water fishes Colossoma bidens and Colossoma mitrei]
650 _aTecnologia de alimento
650 _aPirapitinga
650 _aPacu
650 _aGordura animal
650 _aAnalise quimica
773 0 _tActa Amazonica (Brazil)
_xISSN 0044-5967
_g(Jun 1981), v. 11(2) p. 255-265
_wBR8200334
909 _a202311
_bLúcia
_c55
_dLúcia Elande
942 _2AGRIS
_n0
_cANA
999 _c108454
_d108454